000 00752nam a22002057a 4500
005 20140617121009.0
010 _aB505400
020 _a9781846144783
_c699.00
035 _aB-505400
037 _adpl
_bK.K.Pub/Ven
082 _a950.3
100 _aMishra, Pankaj
245 _aFrom the Ruins of Empire:
_bthe revolt against the west and the remaking of asia/
_cby Pankaj Mishra
260 _aNew Delhi
_bPenguin Books
_c2012
270 _a11 Community Centre, Panchsheel Park
_bNew Delhi
_e110017 (India)
300 _a356p.:
_bill.
_c22cm(Hb)
500 _aIncludes Bibliographic and index
942 _2ddc
_cEN
_h950.3
_mMIS
999 _c85166
_d85166